Millford Mill... (Record no. 116652)
[ view plain ]
| 000 -LEADER | |
|---|---|
| fixed length control field | 01089cam a22002055a 4500 |
| 001 - CONTROL NUMBER | |
| control field | L141187 |
| 008 - FIXED-LENGTH DATA ELEMENTS--GENERAL INFORMATION | |
| fixed length control field | 071102s1868 xxk eng u |
| 035 ## - SYSTEM CONTROL NUMBER | |
| System control number | (Sirsi) u141187 |
| 041 0# - LANGUAGE CODE | |
| Language code of text/sound track or separate title | eng |
| 100 1# - MAIN ENTRY--PERSONAL NAME | |
| Personal name | Hall, William |
| 245 00 - TITLE STATEMENT | |
| Title | Millford Mill... |
| Remainder of title | catalogue of useful live stock, impelments [sic], household furniture, the mill requisites, bags etc. to be sold by auction by Mr William Hall on Friday March 6th, 1868 |
| 260 ## - PUBLICATION, DISTRIBUTION, ETC. | |
| Place of publication, distribution, etc. | S.l. |
| Name of publisher, distributor, etc. | s.n. |
| Date of publication, distribution, etc. | [1868] |
| Place of manufacture | (Shrewsbury |
| Manufacturer | F. A. Jones) |
| 300 ## - PHYSICAL DESCRIPTION | |
| Extent | 1 sheet |
| Dimensions | 44 x 50 cm., folded to 25 x 22 cm. |
| Accompanying material | + 1 sheet (17 x 7 cm.) |
| 340 ## - PHYSICAL MEDIUM | |
| Material base and configuration | Printed |
| 351 ## - ORGANIZATION AND ARRANGEMENT OF MATERIALS | |
| Organization | Single item |
| 500 ## - GENERAL NOTE | |
| General note | Item is accompanied by a handwritten note dated 2 March 1868 which states 'Compared this with the Exor'ship inventory - There appears to be a great deal more furniture, vessels implements etc. than is in the exor'ship inventory'. Items which were in the executorship inventory have been marked with a cross on the printed sheet. |
| 651 4# - SUBJECT ADDED ENTRY--GEOGRAPHIC NAME | |
| Geographic name | Shropshire |
| 690 ## - LOCAL SUBJECT ADDED ENTRY--TOPICAL TERM (OCLC, RLIN) | |
| Topical term or geographic name as entry element | PROPERTY ACQUISITION AND DISPOSAL-ACQUISITION AND DISPOSAL AT AUCTION |
| 942 ## - ADDED ENTRY ELEMENTS (KOHA) | |
| Suppress in OPAC | 0 |
| Withdrawn status | Lost status | Source of classification or shelving scheme | Damaged status | Not for loan | Home library | Current library | Shelving location | Date acquired | Total Checkouts | Full call number | Barcode | Date last seen | Copy number | Price effective from | Koha item type |
|---|---|---|---|---|---|---|---|---|---|---|---|---|---|---|---|
| Dewey Decimal Classification | London | London | Basement | 02/11/2007 | BASEMENT BOX 5 | 141187-1001 | 06/08/2019 | 1 | 06/08/2019 | Archive |